| 000 | 00392cam a2200157ua 4500 | ||
|---|---|---|---|
| 020 | _a8185825009 | ||
| 082 |
_a624.1517 _bKAN/SU |
||
| 100 |
_aKanetkar, T. P . _91395 |
||
| 245 | _aSurveying and Levelling Part-2 / | ||
| 250 | _a23 / | ||
| 260 |
_aPune : _bVidyarthi Giritha Prakashan , _c2006. |
||
| 300 | _a655 ; . | ||
| 500 | _a*CSS | ||
| 700 | 1 |
_aKulkarni, S V _91396 |
|
| 942 | _cBK | ||
| 999 |
_c11037 _d11037 |
||